Towardes New Education (Record no. 18243)

MARC details
000 -LEADER
fixed length control field 00461nam a2200169Ia 4500
008 - FIXED-LENGTH DATA ELEMENTS--GENERAL INFORMATION
fixed length control field 220803s9999 xx 000 0 und d
020 ## - INTERNATIONAL STANDARD BOOK NUMBER
International Standard Book Number 81-7229-078-0
041 ## - LANGUAGE CODE
Language code of text/sound track or separate title eng
082 ## - DEWEY DECIMAL CLASSIFICATION NUMBER
Classification number 823 GAN/KUM
100 ## - MAIN ENTRY--PERSONAL NAME
Personal name Gandhi M K
9 (RLIN) 28988
245 ## - TITLE STATEMENT
Title Towardes New Education
260 ## - PUBLICATION, DISTRIBUTION, ETC. (IMPRINT)
Place of publication, distribution, etc. Ahmedabad
Name of publisher, distributor, etc. Navajivan Publishing House
Date of publication, distribution, etc. 1953
300 ## - PHYSICAL DESCRIPTION
Extent 104p
500 ## - GENERAL NOTE
Keywords Architecture
650 ## - SUBJECT ADDED ENTRY--TOPICAL TERM
Topical term or geographic name as entry element English Literature
9 (RLIN) 28989
700 ## - ADDED ENTRY--PERSONAL NAME
Personal name Gandhi M K Kumarappa B Ed.
9 (RLIN) 28990
Holdings
Withdrawn status Lost status Damaged status Not for loan Home library Current library Date acquired Vendor Total Checkouts Full call number Barcode Date last seen Bill Date Koha item type Original Barcode
        Dr. Bhanuben Nanavati College of Architecture Dr. Bhanuben Nanavati College of Architecture 15/01/2013 Indigo Holidays   823 GAN/KUM BNCA-DB-810 03/08/2022 03/08/2022 Donated Book DB000810